[Event "Cavarzere op 14th"]
[Site "Cavarzere"]
[Date "2011.10.16"]
[Round "3.7"]
[White "Benaddi, Redouane"]
[Black "Xhani, Bujar"]
[Result "0-1"]
[WhiteElo "1824"]
[BlackElo "2046"]
[PlyCount "96"]
[EventDate "2011.10.15"]
[EventType "swiss"]
[EventRounds "6"]
[EventCountry "ITA"]
[SourceTitle "EXT 2023"]
[Source "ChessBase"]
[SourceDate "2022.10.05"]
[SourceVersion "1"]
[SourceVersionDate "2022.10.05"]
[SourceQuality "1"]

1. e4 d6 2. Nf3 Bg4 3. Bb5+ c6 4. Ba4 Nd7 5. c3 Ne5 6. d4 Nxf3+ 7. gxf3 Bd7 8. f4 d5 9. f3 e6 10. h4 Be7 11. h5 Bh4+ 12. Ke2 Be7 13. Qg1 Bf8 14. e5 Nh6 15. Bc2 Qc7 16. Be3 0-0-0 17. b4 Nf5 18. Bf2 Rg8 19. Nd2 Be7 20. Bxf5 exf5 21. Bh4 Bxh4 22. Rxh4 Be6 23. Qg3 g6 24. Rg1 b6 25. Qh2 Qb7 26. Nb3 Qa6+ 27. Kd1 Qd3+ 28. Qd2 Qxf3+ 29. Kc1 gxh5 30. Rhh1 Rg3 31. Rxg3 Qxg3 32. Qh2 Qxc3+ 33. Qc2 Qxb4 34. Rxh5 Kb7 35. Qd2 Qc4+ 36. Kb2 Rg8 37. Rh1 a5 38. Rh3 a4 39. Nc1 c5 40. dxc5 bxc5 41. Rc3 Qb5+ 42. Ka1 d4 43. Rc2 a3 44. Qh2 d3 45. Rc3 c4 46. Rxa3 Qb4 47. Qh1+ Kb6 48. Rb3 cxb3 0-1

[Event "Mogliano Veneto 31st A"]
[Site "Mogliano Veneto"]
[Date "2010.05.02"]
[Round "4"]
[White "Gallana, Marco"]
[Black "Xhani, Bujar"]
[Result "1-0"]
[WhiteElo "2047"]
[BlackElo "2058"]
[PlyCount "87"]
[EventDate "2010.04.30"]
[EventType "swiss"]
[EventRounds "5"]
[EventCountry "ITA"]
[SourceTitle "EXT 2024"]
[Source "ChessBase"]
[SourceDate "2023.10.10"]
[SourceVersion "1"]
[SourceVersionDate "2023.10.10"]
[SourceQuality "1"]

1. d4 d6 2. c4 g6 3. Nc3 Bg7 4. e4 c6 5. Be3 Qc7 6. Qd2 a6 7. a4 Nd7 8. f3 Rb8 9. Rb1 e5 10. Nge2 Ne7 11. dxe5 dxe5 12. b4 0-0 13. Nc1 Rd8 14. Qf2 b6 15. Nb3 Nf8 16. a5 bxa5 17. bxa5 Qd7 18. Bb6 Re8 19. Na4 Ne6 20. Nac5 Nxc5 21. Nxc5 Qd6 22. Be2 f5 23. 0-0 Rf8 24. Rbd1 Qf6 25. Qe3 g5 26. Qd3 Ra8 27. Qd6 h5 28. Qxf6 Bxf6 29. Rd6 Kf7 30. Rfd1 Rg8 31. Nd7 Bxd7 32. Rxd7 g4 33. c5 Kg6 34. fxg4 fxg4 35. g3 Rgf8 36. Kg2 Kg5 37. R1d6 Rae8 38. Bxa6 h4 39. gxh4+ Kxh4 40. Rd8 Rxd8 41. Rxd8 Rf7 42. Bc4 Rg7 43. Rd6 Bg5 44. a6 1-0